[Event "Olympiad-36"]
[Site "Mallorca"]
[Date "2004.10.22"]
[Round "7"]
[White "Rowson, Jonathan"]
[Black "Beliavsky, Alexander G"]
[Result "0-1"]
[WhiteElo "2577"]
[BlackElo "2660"]
[Annotator "Golod,V"]
[PlyCount "102"]
[EventDate "2004.10.15"]
[EventType "team-swiss"]
[EventRounds "14"]
[EventCountry "ESP"]
[SourceTitle "CBM 104"]
[Source "ChessBase"]
[SourceDate "2005.01.27"]
[SourceVersion "1"]
[SourceVersionDate "2005.01.27"]
[SourceQuality "1"]
[WhiteTeam "Scotland"]
[BlackTeam "Slovenia"]
[WhiteTeamCountry "SCO"]
[BlackTeamCountry "SLO"]

1. d4 Nf6 2. c4 e6 3. Nc3 Bb4 4. Qc2 O-O 5. a3 Bxc3+ 6. Qxc3 b6 7. Bg5 Bb7 8.
e3 d6 9. Ne2 Nbd7 10. Qd3 Ba6 11. b4 ({Leads to quieter game:} 11. Nc3 {
You can see my annotations to Berkes,F-Beliavsky,A/Paks,2004/CBM 102(1/2-1/2)
(28)}) 11... c5 ({Recently was checked up another interesting continuation:} 
11... d5 12. b5 dxc4 13. Qxc4 Bb7 14. Rc1 Rc8 15. Qa4 e5 $1 $13 {Sasikiran,
K-Beliavsky,A/Pune,2004(0-1)(64)}) 12. b5 Bb7 13. Nc3 Rc8 $5 $146 {This move
is directed against progress "d5",which now slightly loses in force.  Comments
to this part of the game,and also to:} (13... a6 $5 {You can find in my
annotations to game Kasparov,G-Grischuk,A/Rethymnon,2003/CBM 98(1-0)(63)}) ({
On:} 13... h6 {I have found only one game}) ({and after:} 13... Qe7 {I have
found two games in my database.}) 14. d5 {All the same,Jonathan Rowson had no
other worthy alternative.For an example,after:} (14. Rd1 Qc7 {קc4 Black has a
easy and convenient game.}) 14... exd5 15. cxd5 ({Hardly it was better:} 15.
Nxd5 $6 Bxd5 16. cxd5 h6 17. Bh4 Ne5 $132) 15... Re8 {<->e} 16. Be2 h6 17. Bh4
c4 $1 {The game of Black corresponds to the requirements of a position.My
former countryman,surrounds Pd5 from different directions.} 18. Qc2 (18. Qd2
$143 Nc5 {with threats 19...Nb3 or 19...g5 20.Bg3 Nfe4|^}) 18... g5 19. Bg3
Nxd5 20. Bf3 ({Leads to hopeless position:} 20. Bxd6 $4 Qf6 {[%csl Ra1,Rc3,Rd6]
} 21. Bb4 $8 Nxb4 22. axb4 Bxg2 23. Rg1 Be4 $1 {צa1}) 20... Qf6 21. Bxd5 Bxd5
22. O-O Bb7 {The bishop should remain on a /^a8-h1.} 23. Rad1 Ne5 24. Rd4 $44 {
White strengthen a pressure on a weak part of the contender - Pd6.} Re6 25.
Rfd1 Nd3 26. h3 Qf5 {[%csl Rc2,Gf5,Rg2][%cal Gb7g2]} 27. Qa4 {This move is the
"harbinger" of active actions in this game.} (27. Bxd6 $4 {is refuted by:} Bxg2
$1 $19 28. Kxg2 $140 $2 Nf4+) 27... Nb2 {Black accept a call and we become the
witnesses of interesting fight!} 28. Qxa7 $8 (28. e4 $4 Bxe4) 28... Nxd1 29.
Qxb7 $5 {Besides White has two alternatives:} (29. Nxd1 $2 Be4 {/\c3} 30. Nc3
d5 $15) ({and} 29. Rxd1 $5 Bxg2 30. Kxg2 Qc2 31. Rxd6 Rxd6 (31... Qxc3 $2 32.
Rxe6 fxe6 33. Qe7 $36) 32. Bxd6 Qxc3 33. Qd7 Ra8 34. Qc6 $1 Rd8 35. Be7 Rb8 (
35... Rd1 36. Qxh6 {[%csl Rc3,Rg8][%cal Ge7f6]} Qg7 37. Qxb6 $13) 36. Bd6 Rd8
37. Be7 $11) 29... Rxe3 $5 {Black have calculated precisely all consequences
of this move.} ({Leads to absolute equality:} 29... Re7 30. Qxe7 Nxc3 31. e4
Qxb5 (31... Ne2+ $143 32. Kh2 Qxb5 33. Rxd6 $36 {[%csl Rg8]}) 32. Rxd6 Qe8 33.
Qxe8+ Rxe8 34. Rxh6 Ne2+ (34... Nxe4 $143 35. Rxb6 c3 36. Rc6) 35. Kf1 Nxg3+
36. fxg3 b5 37. Rc6 Rxe4 (37... Re5 $6 38. Kf2 Kg7 39. Kf3 {/\h4}) 38. Rc5 f6
39. Rxb5 Re3 $11) 30. Rd5 $4 {Painful blunder leading to immediate loss.} (30.
Nxd1 $5 Re1+ 31. Kh2 c3 32. Rd5 Qe6 33. Rxd6 Qe8 $13) (30. fxe3 Nxc3 31. Rxd6
Re8 {[%cal Gc3e2,Gf5b1]} 32. Kh2 $13) {[%tqu "En","White's previous move was a
deciding blunder. Can you find why?","","","f5e6","It's incredible,but black
did not use a roughest mistake of the contender.",0,"e3e1","",10]} 30... Qe6 $2
{It's incredible,but Black did not use a roughest mistake of the contender.} (
30... Re1+ $1 31. Kh2 $140 Nxf2 $1 32. Bxf2 $8 (32. Rxf5 $4 Rh1#) 32... Qxf2
33. Qxc8+ Kg7 {[%csl Ge1,Gf2,Rh2][%cal Gf2f4,Gf2g1]} 34. Ne2 (34. Qg4 $2 Qg1+
35. Kg3 Re3+) 34... Qxe2 (34... Rxe2 $143 35. Qg4 {/\Qd4+}) 35. Rf5 Qe6 $19)
31. Rxd6 $2 {Again mistake.Now it was rather difficult to estimate a position,
which has turned after 36-th move.} ({Also it was weakly:} 31. Nxd1 $2 {
because of:} Rxg3 $1 (31... Re1+ $2 32. Kh2 c3 33. Rxd6 Qe8 34. Nxc3 Rxc3 35.
Rc6 Rec1 36. Rxc3 Rxc3 37. Qxb6 Rxa3 $11) 32. Rxd6 (32. fxg3 $2 c3 33. Rxd6 (
33. Nxc3 $144 Qe1+ 34. Kh2 Rxc3 35. Qb8+ Kh7 36. Qxd6 Rc1 37. g4 Qg1+ 38. Kg3
Rc2 $1 $19 39. Rd2 $140 Qe3+) 33... c2 34. Rxe6 cxd1=Q+ 35. Kh2 Rc1 36. Qb8+ (
36. Re8+ $143 Kg7 37. g4 Qg1+ 38. Kg3 Rc3+) 36... Kh7 37. Rxh6+ Kxh6 38. Qh8+
Kg6 39. Qg8+ Kf6 40. Qh8+ Ke6 41. Qe8+ Kd5 42. Qxf7+ Kc5 $19) 32... Qxd6 33.
Qxc8+ Kg7 34. Ne3 (34. fxg3 Qxd1+ 35. Kh2 Qd4 $17) 34... Rxe3 35. fxe3 Qd3 $17)
({Can be recommended:} 31. fxe3 $1 Nxc3 32. Rxd6 Qxe3+ 33. Kh2 $1 (33. Bf2 $2
Ne2+ 34. Kh2 (34. Kf1 $4 Qc1+ 35. Be1 (35. Kxe2 Re8+ 36. Kf3 Qf4#) 35... Ng3+
36. Kf2 Qf4+ 37. Qf3 (37. Kg1 Ne2+ 38. Kh1 Qf1+ 39. Kh2 Qg1#) 37... Ne4+) 34...
Qxf2 $1 35. Qxc8+ Kg7 36. Rd1 c3 $17) 33... Re8 34. Qxb6 {with equal chances.})
31... Re1+ 32. Kh2 Nxf2 $1 33. Bxf2 $8 Qxd6+ 34. Bg3 {All black's pieces
simultaneously have appeared under threat of destruction.} Rb8 $1 ({Leads to
benefit of the contender:} 34... Qe6 $2 35. Bxe1 Rd8 36. Bg3 Rd3 37. Na4 (37.
Ne4 $5) 37... Rxa3 38. Nxb6 Rxg3 $1 39. Qb8+ Kg7 40. Kxg3 c3 $44) 35. Qf3 (35.
Qxb8+ $143 Qxb8 36. Bxb8 Re3 37. Nd5 Rxa3 38. Be5 Rd3 $17) 35... Qe6 36. Bxb8
Qe3 $1 {[%csl Rc3,Ge1,Ge3,Rf3,Rh2][%cal Ge3f3,Ge3g1] For Black it's certainly
favourable to exchange QQ.} (36... Re3 $2 37. Qa8 Kh7 (37... Kg7 38. Qc6 $1 {
[%csl Yb8,Rg7][%cal Yb8e5]}) 38. Nd5 $13 {the white's pieces are consolidated
and now it will be complex to ram their position.}) 37. Nd5 (37. Qxe3 $143 Rxe3
{transfers to 35.Qxb8}) 37... Qxf3 38. gxf3 Rd1 39. Nc3 (39. Nxb6 $4 c3 {
and now it will be impossible to stop this pawn:} 40. Be5 c2 41. Bb2 Rb1 42.
Na4 Rxb2 43. Nxb2 c1=Q) (39. Nb4 Rd2+ 40. Kg3 c3 41. Bc7 c2 42. Nxc2 Rxc2 43.
Bxb6 Rb2 44. a4 Rb4 45. Bc5 Rxa4 46. b6 Ra1 $17) (39. Ne3 $2 c3 $1 40. Bc7 f5
$1 41. Bxb6 $140 f4 $19) 39... Rd3 40. Be5 Rxf3 $17 41. a4 Re3 42. Bd4 Rd3 {
Good example of the superiority of the R above BN.} 43. Be5 (43. Bxb6 $2 Rxc3
44. a5 {and Black have time to stop of both pawns:} Rb3 45. a6 Rxb5 46. a7 Rb2+
47. Kg3 Ra2) 43... f6 $5 {Alexander Beliavsky sacrifice of the pawn for
activation of the his king.} ({Also good enough:} 43... f5 $5 {/\f4 or Kf7-e6})
44. Bxf6 Kf7 45. Bh8 $6 (45. Ne4 $5 Re3 $140 46. Nc3 Ke6 (46... Kxf6 $4 47.
Nd5+) 47. Kg2 Rd3 48. Bg7 h5 $17) 45... Ke6 46. Kg2 h5 47. a5 $2 {Absolutely
unjustified sacrifice of the pawn.} ({White could render more stubborn
resistance:} 47. Ne4 Kd5 48. Nf2 (48. Nf6+ Kc5 49. Nxh5 c3 $17) (48. Nxg5 c3
$17) 48... Rb3 49. Nd1 Kc5 50. Bc3 Ra3 $17) ({or} 47. Bg7 Kf5 48. Ne2 g4 49.
hxg4+ Kxg4 50. Bd4 h4 $5 $17 51. Bxb6 $140 h3+ 52. Kh1 (52. Kf1 $2 Rd1+ 53. Kf2
h2) (52. Kf2 $143 h2 53. Kg2 Rd2) 52... Rd1+ 53. Bg1 h2 $1 54. Kxh2 $140 Rd2
55. Kg2 Rxe2+ 56. Kf1 Kf3 $19) 47... bxa5 48. b6 Kd7 49. Na4 Kc6 50. Bc3 h4 {
The accuracy is necessary up to the end.} 51. b7 (51. Kh2 Re3 52. Kg2 Re2+ $1
53. Kg1 (53. Kf3 Ra2 54. Nb2 Ra3) 53... Ra2 54. Nb2 Ra3 $19) 51... Rg3+ {
Alexander Beliavsky perfectly carried out a final part of a game.} 0-1

[Event "EU-ch 2nd"]
[Site "Ohrid"]
[Date "2001.06.12"]
[Round "11"]
[White "Dautov, Rustem"]
[Black "Gyimesi, Zoltan"]
[Result "1/2-1/2"]
[WhiteElo "2631"]
[BlackElo "2571"]
[Annotator "Golod,V"]
[PlyCount "48"]
[EventDate "2001.06.01"]
[EventType "swiss"]
[EventRounds "13"]
[EventCountry "YUG"]
[SourceTitle "CBM 084"]
[Source "ChessBase"]
[SourceDate "2001.09.13"]
[SourceVersion "1"]
[SourceVersionDate "2001.09.13"]
[SourceQuality "1"]

1. d4 Nf6 2. c4 e6 3. Nc3 Bb4 4. Qc2 O-O 5. a3 Bxc3+ 6. Qxc3 b6 7. Bg5 Ba6 8.
Qf3 $5 {[%mdl 4]} Nc6 9. e3 h6 ({In this tournament there was one more game on
this variant:} 9... Bb7 $5 10. O-O-O Na5 (10... h6 $143 11. Bxf6 Qxf6 12. Qxf6
gxf6 $14 {Kallio,H-Medvegy,Z/Budapest,2001(1/2-1/2)(70)}) 11. d5 Nb3+ 12. Kc2
Nc5 13. Rd4 d6 14. Ne2 Ncd7 15. Nc3 h6 16. h4 $13 {Turov,M-Gausel,E/Ohrid,2001
(1/2-1/2)(60)}) ({Interestingly from the beginning:} 9... Na5 $5 {You can see
comments to Beliavsky,A-Kortschnoj,V/Lviv,2000/CBM 77 (1/2-1/2)(Golod,V) (33)})
10. Bxf6 $5 (10. h4 $5 {See comments to next games:  Dias,P-Miralles,G/
Escaldes,1998/CBM 68 (1/2-1/2)(Rodriguez,Am) (18) and Golod,V-Polgar,J/ISR,
2000/CBM 77(1/2-1/2) (Golod,V)(19)}) 10... Qxf6 11. Qxf6 gxf6 {After queens
was exchanged,white always will have a small positional advantage in
middlegame.} 12. Nf3 ({Is a possible continuation of the play:} 12. Rc1 $5 {
[%cal Yc1c4,Gg1e2,Ge2c3]} Ne7 13. Ne2 f5 14. Nc3 Bb7 (14... c5 $6 15. d5 (15.
dxc5 $5 bxc5 $140 16. Rd1 $36 {[%csl Rd7]}) 15... d6 16. Be2 Rad8 17. f3 Kg7
18. Kf2 Ng6 19. f4 $14 {Zhukova,N-Xu Yuhua/New Delhi,2000 (1-0)(52)}) 15. Rd1 (
15. Be2 $143 Ng6 16. O-O f4 17. e4 f5 18. Bd3 fxe4 19. Bxe4 Bxe4 20. Nxe4 Rae8
$11 {Turov,M-Rozentalis,E/Montreal,2001(1/2-1/2) (23)}) 15... d6 16. Be2 Rfd8
17. O-O Kf8 18. f4 {+/=/= Sokolov,I-Psakhis,L/Vlissingen,2000 (1/2-1/2)(37)}) (
{Also it deserves attention:} 12. b4 $5) 12... Rac8 $5 $146 ({Was checked in
the previous game:} 12... Ne7 $5 {Black's plan is:c5,Rac8(or Rfc8) with
pressure to pawn "c4" and play in <->c. You can see comments to Hoang Thanh
Trang-Wang Lei/Shenyang,2000/CBM 79(1/2-1/2)(Golod,V)(42)}) 13. Be2 $6 {
Probably, there was no need to spend tempo for this move, and it was better to
play at once:} (13. b4 $5 {[%cal Gb4b5]} Ne7 $140 14. a4 $1 c5 15. a5 {[%csl
Ga1,Ra6][%cal Ga5b6]} Bb7 (15... Ra8 $6 16. dxc5 bxc5 17. b5 Bb7 18. Nd2 {
+/=/+/-}) 16. dxc5 (16. axb6 $143 axb6 17. dxc5 bxc5 18. b5 Ra8 {<->a}) 16...
bxc5 17. b5 $14) 13... d6 ({Also can be recommended typical idea for this
position:} 13... Na5 14. Rc1 $140 c5 {[%csl Ga5,Ga6,Rc4,Gc8]} 15. dxc5 bxc5 16.
b4 (16. Nd2 $5) 16... cxb4 17. axb4 Nxc4 18. Ra1 Bb5 19. Rxa7 Ra8 20. Rxa8 Rxa8
21. Bxc4 Bxc4 22. Kd2 $11) 14. b4 {[%csl Gb4,Gc4,Gd4][%cal Gb4b5]} Ne7 15. a4
c5 $1 {Now pawn "d" is on "d6",and this considerably strengthens this move.}
16. dxc5 ({Now senselessly:} 16. a5 {because of:} Bb7 17. axb6 axb6 18. Ra7 Rc7
{[%csl Ra7][%cal Ge7c6,Ge7c8]}) 16... dxc5 ({It is clear, that it is much
worse:} 16... bxc5 17. b5 Bb7 18. a5 $14) 17. b5 Bb7 18. a5 Rfd8 19. Nd2 ({
Very weakly:} 19. axb6 axb6 $140 20. Ra7 {in view of:} Ra8 $1 21. Rxa8 $8 (21.
Rxb7 $4 Ra1+ 22. Bd1 Rdxd1+ 23. Ke2 Rxh1 24. Rxe7 Ra2+ $19) 21... Rxa8 $15 {
[%cal Ga8a1]}) 19... Kf8 {[%csl Yf8,Rg8][%cal Yf8e7,Gb7g2,Yg8f8]} 20. Rg1 $6 (
20. Bf3 $142 Bxf3 21. Nxf3 Rd6 {+/=/=} (21... Rd3 $143 22. Ke2 $14)) 20... Rc7
$1 {[%cal Gc7d7] Now black have time to grasp <->d.} 21. Bf3 Rcd7 22. axb6 axb6
(22... Rxd2 $4 23. bxa7 $1 Bxf3 (23... Ba8 24. Bxa8 Rxa8 25. Kxd2) 24. gxf3 $18
{[%csl Rd2][%cal Ga7a8]}) ({A little worse:} 22... Bxf3 23. Nxf3 axb6 24. Ke2 {
+/=/=}) 23. Ra2 {[%cal Ya2d2]} Bxf3 24. gxf3 (24. Nxf3 Nc8 {[%csl Rc4][%cal
Gc8d6]} 25. Ke2 Ke7 $11) 24... Ng6 $11 (24... Ng6 25. Ke2 Ne5) 1/2-1/2

[Event "Sigeman & Co 12th"]
[Site "Malmo/Copenhagen"]
[Date "2004.05.07"]
[Round "7"]
[White "Hillarp Persson, Tiger"]
[Black "De Firmian, Nick E"]
[Result "1/2-1/2"]
[WhiteElo "2513"]
[BlackElo "2542"]
[Annotator "Golod,V"]
[PlyCount "85"]
[EventDate "2004.04.30"]
[EventType "tourn"]
[EventRounds "9"]
[EventCountry "SWE"]
[EventCategory "13"]
[SourceTitle "CBM 101"]
[Source "ChessBase"]
[SourceDate "2004.07.27"]
[SourceVersion "1"]
[SourceVersionDate "2004.07.27"]
[SourceQuality "1"]

1. d4 Nf6 2. c4 e6 3. Nc3 Bb4 4. Qc2 O-O 5. e4 d5 6. e5 Ne4 7. a3 ({The main
line is} 7. Bd3 $5 {You can see my comments to Hillarp Persson,T-Polgar,J/
Sigeman & Co,2000/CBM 77(1/2-1/2)(29)}) 7... Bxc3+ 8. bxc3 c5 9. Bd3 (9. Bb2 $5
{See comments to Sarkar,J-Shahade,G/Seattle,2003/CBM 93(1-0)(Atlas,V)(37)})
9... Qa5 ({Is a possible continuations of the play:} 9... cxd4 $5 10. cxd4 Qa5+
11. Kf1 Bd7 $5 (11... Nc6 $5 12. Bxe4 dxe4 13. Bb2 Qa6 14. Ne2 Na5 15. Rc1 $11
(15. c5 $2 b6 16. Qxe4 Bb7 17. Qg4 bxc5 $17 {[%csl Rf1][%cal Gb7g2] Zimmerman,
Yuri-Belichev,Nikolai/Budapest,1999(0-1)(27)})) 12. Ne2 Ba4 13. Qb2 Nc6 14.
cxd5 exd5 15. Be3 $13 {Karpov,A-Polgar,J/Hoogeveen,2003/CBM 98 (1/2-1/2)(67)})
({and} 9... Nc6 10. Bb2 ({It deserves serious attention:} 10. Ne2 $5 cxd4 11.
cxd4 Qa5+ 12. Kf1 $5 $13 {Shariyazdanov,A-Rashkovsky,N/Oberwart,2002(1-0)(28)})
10... f5 $132) 10. Ne2 cxd4 11. cxd5 exd5 12. f3 Nxc3 13. Nxd4 {[%csl Rc3]
[%cal Gc1d2]} Nb5+ ({Can it was necessary to decide on the more active
continuation:} 13... Ne4+ $5 14. Kf1 f5 $1 $13) 14. Bd2 Nxd4 15. Bxh7+ Kh8 16.
Bxa5 Nxc2+ 17. Bxc2 Nc6 (17... Be6 $5 {[%csl Ra5,Re5][%cal Gb8c6]} 18. Bb4 Rc8
19. Bd3 Nd7 20. Bd6 Nc5 $132 {[%cal Yc5b3,Yd5d4]}) 18. Bb4 $5 $146 {White
gives up his BB advantage for a pressure on <-> a.} (18. Bc7 Bd7 19. Bd6 {
You can see my comments to Erdos,V-Gyimesi,Z/Nagykanizsa,2003/CBM 99(1/2-1/2)
(30)} ({In my opinion,it was better:} 19. O-O-O $5 Be6 20. Bd6 $14 {[%cal
Gf3f4,Gf4f5]})) ({I can not recommended in this position:} 18. Bc3 d4 (18...
Rd8 $5 {[%csl Re5][%cal Gd5d4]}) 19. Bb2 {[%csl Rd4]} Re8 20. f4 f6 21. O-O
fxe5 22. fxe5 {[%csl Rh8]} Be6 $11) 18... Nxb4 19. axb4 {[%csl Ra7][%cal Ga1a7]
} Re8 20. f4 g5 (20... f6 $142 21. Bg6 (21. O-O fxe5 22. fxe5 Kg8 $11 {><f7;/
\Be6}) 21... Re6 22. Bf7 Re7 23. Bxd5 fxe5 24. O-O Be6 (24... exf4 $2 25. Rxf4
$16 {[%cal Gf4h4,Gf4f8]} Be6 $140 $2 26. Re4 Rae8 27. Rae1 $18) 25. Bxe6 Rxe6
26. Rfe1 Rb6 27. fxe5 Rxb4 28. e6 a6 $11) 21. O-O ({Gives nothing:} 21. O-O-O
gxf4 22. Rxd5 {[%csl Rf4][%cal Gh1f1,Gf1f4]} Be6 23. Rd4 Rac8 24. Kb2 Rc4 $11)
21... Kg7 22. Ra3 (22. Ra5 $5 gxf4 23. Rxd5 Be6 24. Rd4 a5 $1 {Very strong
resource.Black changes the direction,sacrifices pawn for a strong coutrerplay
on the queen side.} 25. Rdxf4 a4 $44 {Strong Pa4 provides a strong counterplay
for Black.}) 22... gxf4 23. Rxf4 Be6 ({It was dubiously:} 23... Rxe5 $6 24.
Rg3+ Kf8 25. Rh4 $1 Ke7 26. Rh8 d4 27. Rgg8 Re1+ 28. Kf2 Rc1 29. Be4 Kf6 30. h4
$14 {[%csl Gh4][%cal Gh4h5,Gh5h6]}) 24. Rg3+ Kf8 25. h4 Ke7 (25... Rac8 $5 26.
Bb3 $14 {[%csl Rd5][%cal Gf4d4]}) 26. h5 $6 {White hurry up and losing a part
of his little advantage. After crossing the 5th line,pawn "h" became a
weakness that need's permanent protection.} ({Better was "to keep all the keys
on the table":} 26. Kf2 $5 a5 (26... Rac8 27. Bb3 Rc1 28. Rd3 $14 {[%cal Gf4d4,
Gg2g3]}) 27. bxa5 Rxa5 28. Rc3 $14) 26... Rac8 27. Bd3 ({Now weakly is:} 27.
Bb3 $2 {in view of:} Rc1+ 28. Kh2 $140 Rh8 29. Rg5 b6 $15 {[%cal Ga7a5]}) 27...
Rh8 28. Rh4 (28. Be2 Rc2 $11) 28... Rh6 {[%csl Gc8][%cal Gb7b6,Ga7a5,Gc8c3]}
29. Kf2 Rc3 $6 {Hardlly to believe that such a logical move will lead to
difficult position.} (29... b6 $142 {/\a5} 30. b5 Bd7 31. Rf3 Rg8 {[%csl Rg4]
[%cal Yd7g4,Yg8g4] +/=/= Protecting from "g4".}) 30. Rf3 $1 {/\g4} Rb3 31. b5
$6 {And another logical,but unaccurate move.} (31. Rf6 $142 Rh8 (31... Rxh5 $5
32. Rxh5 Rxd3 33. Rh8 $14) 32. Be2 Rb2 33. h6 {+/=/+/-}) 31... d4 {/\Bd5} 32.
g4 Bd5 33. Rf6 ({Not helping to get an advantage:} 33. Rg3 {because of:} Rb2+
$1 (33... Ke6 $6 34. g5 Rh8 35. h6 Kxe5 36. g6 $1 fxg6 37. Rg5+ Ke6 38. Rxg6+
Kf7 39. Rf4+ Ke7 40. Rxd4 $16) 34. Kg1 ({too risky is:} 34. Ke1 $6 Rh8 {
[%csl Re1][%cal Gh8c8,Gc8c1]} 35. Kd1 Ke6 $15) 34... Re6 35. g5 Rxe5 36. Rxd4
Rd2 37. Rh4 Rd1+ (37... Re1+ $143 38. Bf1 $36 {/\h6}) 38. Kf2 ({Of course not:
} 38. Bf1 $4 Rf5 $19) 38... Rd2+ 39. Kg1 Rd1+ $11) 33... Rh8 34. Rh3 Rg8 35.
Rf4 Rb2+ 36. Kg3 Rg2+ 37. Kh4 Be6 38. Bf5 (38. h6 $144 R2xg4+ 39. Rxg4 Rxg4+
40. Kh5 Kf8 {[%csl Yf8][%cal Yf8g8]} 41. Rh4 Rxh4+ 42. Kxh4 Kg8 43. Kg5 Bb3 44.
Kf4 (44. Kf6 $143 a5 45. bxa6 bxa6 46. Bxa6 Kh7 47. Kg5 Bc2 {[%cal Gd4d3,Gd3d2]
} 48. Kf6 $11) 44... Bd5 45. Kf5 a5 46. bxa6 bxa6 47. Bxa6 Kh7 48. Kg5 Be4 49.
Bc4 Bg6 $11 {Finally black find his stronghold.White is absolutely unable to
play on win.}) 38... Bxf5 39. gxf5 f6 $1 $11 40. exf6+ (40. e6 $4 R2g5 {
[%csl Rh4,Rh5][%cal Yg8h8]}) 40... Kxf6 41. Rxd4 Kxf5 42. Rf3+ Ke5 43. Rdd3 (
43. Ra4 Rh8 {[%cal Gg2h2]} 44. Rh3 Kf5 $11) (43. Rdd3 R2g4+ 44. Kh3 R4g5 45.
Kh4 Rg4+ $11) 1/2-1/2